00752nam a2200157 i 4500001000700000003000900007005001700016008004100033100003000074245023500104260007100339300004500410651003900455700005100494852004900545181255ES-MaACL20230910212758.0121121s1882 sp |||| | spa d1 aGladstone, Willian Ewart.10aCuestiones constitucionales (1873-1878) / cW.[illiam] E.[wart] Gladstone ; traducción directa del inglés de A.R.Ch ; precedida de unos apuntes biográficos con el retrato del autor y un prólogo de D. Francisco Cañamaque. aMadrid : bLib. de Simon y Osler, c1882 (f[Imp. "La Guirnalda"]) aXXIV, 283 p., [1] h de lám. ; c20 cm. 4aGran Bretaña-xHistoria-yS.XIX.1 aCañamaque y Jiménez, Francisco,d1851-1891 aES-MaACLjD-1178 z.- Legado M. de la Fuente